[Event "Thailand op"]
[Site "Chiangmai"]
[Date "2023.07.02"]
[Round "6"]
[White "Xu, Yi"]
[Black "Chen, Kailin"]
[Result "1-0"]
[WhiteElo "2502"]
[BlackElo "2060"]
[PlyCount "57"]
[EventDate "2023.06.28"]
[EventType "swiss"]
[EventRounds "9"]
[EventCountry "THA"]
[SourceTitle "CBM 215 Extra"]
[Source "ChessBase"]
[SourceDate "2023.09.30"]
[SourceVersion "1"]
[SourceVersionDate "2023.09.30"]
[SourceQuality "1"]

1. e4 e6 2. d4 d5 3. Nc3 Nf6 4. Bg5 dxe4 5. Nxe4 Be7 6. Bxf6 gxf6 7. Nc3 f5 8. Qd2 a6 9. g3 c5 10. d5 e5 11. 0-0-0 Qd6 12. f4 Nd7 13. Bh3 exf4 14. Bxf5 Nf6 15. Bxc8 Rxc8 16. gxf4 b5 17. Nf3 b4 18. Ne2 c4 19. Ng3 b3 20. cxb3 cxb3+ 21. Kb1 Rd8 22. Rhe1 Nxd5 23. Nf5 Qc7 24. axb3 Rd7 25. Qd4 Rg8 26. Qc4 Qd8 27. Rd4 Rg2 28. Nxe7 Nxe7 29. Qa4 1-0

[Event "CHN-chTB"]
[Site "Hefei"]
[Date "2023.04.20"]
[Round "6"]
[White "Chen, Kailin"]
[Black "Gong, Sunle"]
[Result "1/2-1/2"]
[WhiteElo "2047"]
[BlackElo "1949"]
[PlyCount "113"]
[EventDate "2023.04.17"]
[EventType "team-swiss"]
[EventRounds "9"]
[EventCountry "CHN"]
[SourceTitle "EXT 2024"]
[Source "ChessBase"]
[SourceDate "2023.10.10"]
[SourceVersion "1"]
[SourceVersionDate "2023.10.10"]
[SourceQuality "1"]
[WhiteTeam "Hebei"]
[BlackTeam "Hangzhou Intelligent Sports"]
[WhiteTeamCountry "CHN"]
[BlackTeamCountry "CHN"]

1. e4 c6 2. d4 d5 3. Nc3 dxe4 4. Nxe4 Nd7 5. Nf3 Ngf6 6. Nxf6+ Nxf6 7. c3 Bg4 8. h3 Bxf3 9. Qxf3 e6 10. Bc4 Be7 11. 0-0 Nd5 12. a4 a5 13. Rd1 Bg5 14. Qg4 h6 15. f4 Bf6 16. f5 exf5 17. Re1+ Kf8 18. Qxf5 g6 19. Qf3 Kg7 20. Rf1 h5 21. Bf4 Nxf4 22. Qxf4 Rf8 23. Rae1 Bg5 24. Qe5+ Bf6 25. Qc5 Rc8 26. Bb3 b6 27. Qc4 Qd6 28. Re2 c5 29. Ref2 cxd4 30. Qd3 Bg5 31. Rxf7+ Rxf7 32. Rxf7+ Kh6 33. Rf1 Re8 34. Bf7 Re7 35. Kh1 Kg7 36. Bc4 Be3 37. Rd1 Kh7 38. cxd4 Bxd4 39. b3 h4 40. Qf3 Qg3 41. Qf8 Re1+ 42. Rxe1 Qxe1+ 43. Qf1 Qg3 44. Qf7+ Kh6 45. Qf8+ Bg7 46. Qf3 Qg5 47. Kg1 Bd4+ 48. Kf1 Bc5 49. Ke2 Qe5+ 50. Kd3 Qd4+ 51. Kc2 Bb4 52. Qd3 Qe5 53. Bf7 Qf6 54. Qe3+ Kg7 55. Bd5 Bc5 56. Qf3 Qd4 57. Qc3 1/2-1/2

[Event "China zt 3.5"]
[Site "Shenzhen"]
[Date "2023.04.10"]
[Round "6"]
[White "Cai, Songliang"]
[Black "Chen, Kailin"]
[Result "0-1"]
[WhiteElo "2073"]
[BlackElo "2047"]
[PlyCount "78"]
[EventDate "2023.04.05"]
[EventType "swiss"]
[EventRounds "9"]
[EventCountry "CHN"]
[SourceTitle "CBM 213 Extra"]
[Source "ChessBase"]
[SourceDate "2023.05.31"]
[SourceVersion "1"]
[SourceVersionDate "2023.05.31"]
[SourceQuality "1"]

1. e4 e6 2. d4 d5 3. Nc3 Nf6 4. e5 Nfd7 5. f4 c5 6. Nf3 Nc6 7. Be3 cxd4 8. Nxd4 Qb6 9. Qd2 Qxb2 10. Rb1 Qa3 11. Ncb5 Qxa2 12. Qc1 Qa5+ 13. c3 Nxd4 14. Bxd4 a6 15. Ra1 Qd8 16. c4 dxc4 17. Bxc4 axb5 18. Rxa8 Qc7 19. f5 Bb4+ 20. Kd1 bxc4 21. Qg5 Nc5 22. Kc2 Qc6 23. Bxc5 Bxc5 24. Re1 b5 25. Raa1 b4 26. Qxg7 Rf8 27. Qg4 exf5 28. Qxc4 Be6 29. Qa6 Bb6+ 30. Kb1 Ke7 31. Qa4 Qc3 32. Rc1 Qd3+ 33. Qc2 Qxc2+ 34. Rxc2 f4 35. Rc6 Bf5+ 36. Kc1 Be3+ 37. Kd1 Rd8+ 38. Ke1 b3 39. Rc7+ Rd7 0-1

[Event "Penang op 11th"]
[Site "Penang"]
[Date "2019.12.14"]
[Round "9"]
[White "Navaratnam, Rohan Shan Tze"]
[Black "Chen, Kailin"]
[Result "1/2-1/2"]
[WhiteElo "2118"]
[BlackElo "1928"]
[PlyCount "67"]
[EventDate "2019.12.09"]
[EventType "swiss"]
[EventRounds "9"]
[EventCountry "MAS"]
[SourceTitle "CBM 193 Extra"]
[Source "ChessBase"]
[SourceDate "2020.01.31"]
[SourceVersion "1"]
[SourceVersionDate "2020.01.31"]
[SourceQuality "1"]

1. d4 d5 2. c4 e6 3. Nf3 Nf6 4. g3 Be7 5. Bg2 0-0 6. 0-0 dxc4 7. Qc2 a6 8. a4 Bd7 9. Qxc4 Bc6 10. Bg5 Nbd7 11. Nc3 h6 12. Bxf6 Nxf6 13. Rfd1 Bd5 14. Qd3 Bxf3 15. Bxf3 c6 16. Kg2 Qc7 17. Qc4 a5 18. e3 Qb6 19. Ne2 Nd5 20. h4 Rac8 21. Be4 Rfd8 22. Rac1 Nf6 23. Bf3 Rd7 24. b3 Nd5 25. e4 Nf6 26. Rd3 Rcd8 27. h5 e5 28. Rcd1 exd4 29. e5 Nd5 30. e6 fxe6 31. Nxd4 Rd6 32. Re1 Qb4 33. Rxe6 Rxe6 34. Qc1 1/2-1/2

[Event "Johor op 6th"]
[Site "Johor"]
[Date "2019.12.06"]
[Round "7"]
[White "Chen, Kailin"]
[Black "Mas, Hafizulhelmi"]
[Result "1/2-1/2"]
[WhiteElo "1928"]
[BlackElo "2318"]
[PlyCount "100"]
[EventDate "2019.12.02"]
[EventType "swiss"]
[EventRounds "9"]
[EventCountry "MAS"]
[SourceTitle "CBM 193 Extra"]
[Source "ChessBase"]
[SourceDate "2020.01.31"]
[SourceVersion "1"]
[SourceVersionDate "2020.01.31"]
[SourceQuality "1"]

1. e4 c5 2. Nf3 d6 3. d4 cxd4 4. Nxd4 Nf6 5. Nc3 a6 6. Bg5 Nbd7 7. f4 Qc7 8. Qf3 h6 9. Bh4 g5 10. fxg5 hxg5 11. Bxg5 Qc5 12. Qe3 Ng4 13. Qd2 Bg7 14. Nb3 Bxc3 15. bxc3 Qe5 16. Bd3 Rxh2 17. 0-0-0 Rxh1 18. Rxh1 Qg7 19. Nd4 Nde5 20. Kb2 Bd7 21. Qe1 f6 22. Bd2 Rc8 23. Qh4 Kf7 24. Nf5 Bxf5 25. exf5 Ke8 26. Be4 Rc5 27. a4 d5 28. Bf3 Kd7 29. Rh3 Qg8 30. Bxg4 Qxg4 31. Qxg4 Nxg4 32. Rd3 Kc6 33. Kb3 Rc4 34. Rd4 Kc5 35. Bc1 Rxd4 36. Ba3+ Kc6 37. cxd4 Kd7 38. Bc1 Nf2 39. c4 dxc4+ 40. Kxc4 Ne4 41. g4 Nf2 42. g5 fxg5 43. Bxg5 Ne4 44. Bf4 b6 45. Kb4 Nd6 46. a5 b5 47. Kc5 Nxf5 48. d5 Nd6 49. Be5 Kc7 50. Bf4 Kd7 1/2-1/2

[Event "Johor op 6th"]
[Site "Johor"]
[Date "2019.12.04"]
[Round "5"]
[White "Chen, Kailin"]
[Black "Nouri, Alekhine"]
[Result "0-1"]
[WhiteElo "1928"]
[BlackElo "2212"]
[PlyCount "72"]
[EventDate "2019.12.02"]
[EventType "swiss"]
[EventRounds "9"]
[EventCountry "MAS"]
[SourceTitle "CBM 193 Extra"]
[Source "ChessBase"]
[SourceDate "2020.01.31"]
[SourceVersion "1"]
[SourceVersionDate "2020.01.31"]
[SourceQuality "1"]

1. e4 c5 2. Nf3 d6 3. d4 cxd4 4. Nxd4 Nf6 5. Nc3 a6 6. Bg5 e6 7. f4 h6 8. Bh4 Qb6 9. Qd3 Qxb2 10. Rb1 Qa3 11. Be2 Be7 12. 0-0 Nbd7 13. Qc4 Qc5 14. Qxc5 Nxc5 15. Bf3 Nfd7 16. Bxe7 Kxe7 17. a4 g5 18. g3 Nb8 19. e5 d5 20. Bh5 Rf8 21. fxg5 hxg5 22. Nf3 Rg8 23. Rb4 Nc6 24. Rg4 Nd7 25. Rxg5 Rxg5 26. Nxg5 Ndxe5 27. Nxf7 Bd7 28. Nxe5 Nxe5 29. Rb1 Rh8 30. Bd1 Bc6 31. Rb4 Nc4 32. Be2 Ne3 33. Bd3 e5 34. Rb1 d4 35. Re1 Ng4 36. Be2 Nxh2 0-1

[Event "CHN-chB"]
[Site "Hangzhou"]
[Date "2019.07.06"]
[Round "9"]
[White "Xiang, Zeyu"]
[Black "Chen, Kailin"]
[Result "1-0"]
[WhiteElo "2447"]
[BlackElo "2038"]
[PlyCount "51"]
[EventDate "2019.07.02"]
[EventType "swiss"]
[EventRounds "11"]
[EventCountry "CHN"]
[SourceTitle "CBM 191 Extra"]
[Source "ChessBase"]
[SourceDate "2019.09.30"]
[SourceVersion "1"]
[SourceVersionDate "2019.09.30"]
[SourceQuality "1"]

1. d4 d5 2. c4 e6 3. Nc3 Nf6 4. cxd5 exd5 5. Bg5 Be7 6. e3 c6 7. Bd3 0-0 8. Qc2 Nbd7 9. Nf3 h6 10. Bf4 Nb6 11. h3 Bd6 12. 0-0-0 Be6 13. g4 Bxf4 14. exf4 Ne4 15. f5 Nxc3 16. Qxc3 Bd7 17. h4 Rc8 18. Kb1 c5 19. dxc5 Na4 20. Qd4 Nxc5 21. g5 Nxd3 22. Qxd3 h5 23. Ne5 Bc6 24. f6 gxf6 25. gxf6 Re8 26. Qg3+ 1-0

[Event "CHN-chB"]
[Site "Hangzhou"]
[Date "2019.07.05"]
[Round "7"]
[White "Peng, Hongchi"]
[Black "Chen, Kailin"]
[Result "1-0"]
[WhiteElo "2337"]
[BlackElo "2038"]
[PlyCount "63"]
[EventDate "2019.07.02"]
[EventType "swiss"]
[EventRounds "11"]
[EventCountry "CHN"]
[SourceTitle "CBM 191 Extra"]
[Source "ChessBase"]
[SourceDate "2019.09.30"]
[SourceVersion "1"]
[SourceVersionDate "2019.09.30"]
[SourceQuality "1"]

1. e4 e6 2. d4 d5 3. Nc3 Nf6 4. e5 Nfd7 5. f4 c5 6. Nf3 Nc6 7. Be3 Be7 8. Qd2 0-0 9. dxc5 Nxc5 10. 0-0-0 a6 11. h4 Qa5 12. Kb1 b5 13. Bxc5 Bxc5 14. Bd3 h6 15. g4 Bb4 16. g5 h5 17. g6 Rb8 18. gxf7+ Rxf7 19. Bg6 Rfb7 20. Ng5 Bxc3 21. Qxc3 Qxc3 22. bxc3 Kf8 23. Bxh5 Bd7 24. Rhg1 Na5 25. f5 Ke7 26. Nh7 Be8 27. Rxg7+ Kd8 28. Rg8 Rxh7 29. Bxe8 Kc7 30. f6 b4 31. f7 bxc3+ 32. Ka1 1-0

[Event "CHN-chT"]
[Site "Daqing"]
[Date "2019.06.25"]
[Round "7.7"]
[White "Wan, Minghan"]
[Black "Chen, Kailin"]
[Result "0-1"]
[WhiteElo "1592"]
[BlackElo "2073"]
[PlyCount "72"]
[EventDate "2019.06.19"]
[EventType "team-swiss"]
[EventRounds "9"]
[EventCountry "CHN"]
[SourceTitle "CBM 191 Extra"]
[Source "ChessBase"]
[SourceDate "2019.09.30"]
[SourceVersion "1"]
[SourceVersionDate "2019.09.30"]
[SourceQuality "1"]
[WhiteTeam "Ningbo"]
[BlackTeam "Wuxi"]
[WhiteTeamCountry "CHN"]
[BlackTeamCountry "CHN"]

1. d4 d5 2. Nf3 Nf6 3. g3 e6 4. Bg2 Be7 5. 0-0 0-0 6. Nbd2 b6 7. c4 Bb7 8. b3 Nbd7 9. Bb2 Rc8 10. Rc1 c5 11. e3 dxc4 12. bxc4 Qc7 13. Re1 Rfd8 14. Qe2 Qb8 15. Ng5 h6 16. Nge4 Nxe4 17. Bxe4 Bxe4 18. Nxe4 Nf6 19. Nd2 Qb7 20. Nb3 a5 21. dxc5 a4 22. Nd4 Bxc5 23. f3 Nh7 24. Red1 Rd7 25. Nb5 Rcd8 26. Bd4 Ng5 27. Kf2 f6 28. h4 Nf7 29. Bxc5 bxc5 30. Rxd7 Qxd7 31. f4 e5 32. Ke1 exf4 33. Rd1 Qxd1+ 34. Qxd1 Rxd1+ 35. Kxd1 fxg3 36. Ke2 Ne5 0-1

[Event "Longtou Cup 2nd"]
[Site "Qinhuangdao"]
[Date "2019.04.16"]
[Round "1"]
[White "Zhao, Chenxi"]
[Black "Chen, Kailin"]
[Result "1-0"]
[WhiteElo "2367"]
[BlackElo "2073"]
[PlyCount "109"]
[EventDate "2019.04.16"]
[EventType "swiss"]
[EventRounds "9"]
[EventCountry "CHN"]
[SourceTitle "CBM 190 Extra"]
[Source "ChessBase"]
[SourceDate "2019.07.15"]
[SourceVersion "1"]
[SourceVersionDate "2019.07.15"]
[SourceQuality "1"]

1. c4 e6 2. Nc3 d5 3. d4 Nf6 4. cxd5 exd5 5. Bg5 c6 6. e3 Be7 7. Bd3 Ne4 8. Bxe7 Qxe7 9. Bxe4 dxe4 10. Qc2 f5 11. Nge2 Na6 12. a3 Be6 13. Nf4 Nc7 14. 0-0-0 0-0-0 15. Na4 Kb8 16. Nc5 b6 17. Na4 Bd5 18. h4 Ne6 19. Nxd5 cxd5 20. Kb1 Rc8 21. Qb3 Rc4 22. Nc3 Qb7 23. Rc1 Rhc8 24. Rc2 R8c6 25. Rhc1 Nc7 26. Qa2 Rd6 27. a4 Rcc6 28. Qa3 a6 29. Na2 g6 30. Nb4 Rxc2 31. Rxc2 Ne8 32. Qc3 Rd7 33. Nc6+ Ka8 34. Qb4 Rd6 35. Ne5 a5 36. Qe1 Rd8 37. Qc1 Nd6 38. h5 gxh5 39. Qh1 Rc8 40. Qxh5 Rxc2 41. Kxc2 Qc8+ 42. Kb1 Nc4 43. Qe2 Nd6 44. b3 Kb7 45. Kb2 Qe8 46. Qd1 Qg8 47. Qc1 Qe8 48. Qh1 h5 49. Qh4 b5 50. Qf6 Kc7 51. axb5 Nxb5 52. Qa6 f4 53. exf4 Nd6 54. Qxa5+ Kb8 55. Qxd5 1-0

[Event "Tianjin Binhai Cup 1st"]
[Site "Tianjin"]
[Date "2019.01.02"]
[Round "9"]
[White "Chen, Kailin"]
[Black "Ning, Kaiyu"]
[Result "0-1"]
[WhiteElo "2016"]
[BlackElo "2247"]
[PlyCount "134"]
[EventDate "2018.12.25"]
[EventType "swiss"]
[EventRounds "9"]
[EventCountry "CHN"]
[SourceTitle "CBM 188 Extra"]
[Source "ChessBase"]
[SourceDate "2019.02.26"]
[SourceVersion "1"]
[SourceVersionDate "2019.02.26"]
[SourceQuality "1"]

1. e4 e6 2. d4 d5 3. Nc3 Bb4 4. e5 c5 5. a3 Bxc3+ 6. bxc3 Qa5 7. Bd2 Qa4 8. Qb1 c4 9. f4 Nc6 10. Nf3 Nge7 11. Be2 Bd7 12. Be3 0-0-0 13. Kd2 f6 14. Qb2 h5 15. Rag1 Nf5 16. Bf2 Rdg8 17. g3 Be8 18. Nh4 Nxh4 19. gxh4 Ne7 20. Rg2 Nf5 21. Rhg1 Rf8 22. Rxg7 Nxg7 23. Rxg7 Qb5 24. Qxb5 Bxb5 25. exf6 Rxf6 26. Bg3 Rf5 27. Bf1 Bd7 28. Bh3 Rff8 29. Rg5 Rh7 30. Re5 Rf6 31. Rg5 b6 32. Bg2 b5 33. Ke2 Kb7 34. Re5 Kc6 35. Rg5 Be8 36. Kd2 Bg6 37. Bf3 Rh6 38. Be2 Rf5 39. Bf1 Kd7 40. Bh3 Rxg5 41. fxg5 Rh8 42. Be5 Rf8 43. Bf6 a5 44. Bf1 Rb8 45. Be2 b4 46. cxb4 axb4 47. axb4 Rxb4 48. Be5 Rb1 49. Bg3 Kc6 50. c3 Ra1 51. Be1 Kb5 52. h3 Ka4 53. Bd1+ Ka3 54. Ke2 Kb2 55. Kd2 Ka3 56. Be2 Kb3 57. Bf3 Ra2+ 58. Ke3 Rh2 59. Kf4 Rxh3 60. Bd1+ Kb2 61. Bf3 Kc2 62. Bg2 Rd3 63. Bf3 Bf7 64. Kg3 Re3 65. Kf2 Rxe1 66. Kxe1 Kxc3 67. Bd1 Bg6 0-1

[Event "Tianjin Binhai Cup 1st"]
[Site "Tianjin"]
[Date "2018.12.29"]
[Round "5"]
[White "Hu, Zehua"]
[Black "Chen, Kailin"]
[Result "0-1"]
[WhiteElo "2104"]
[BlackElo "2016"]
[PlyCount "66"]
[EventDate "2018.12.25"]
[EventType "swiss"]
[EventRounds "9"]
[EventCountry "CHN"]
[SourceTitle "CBM 188 Extra"]
[Source "ChessBase"]
[SourceDate "2019.02.26"]
[SourceVersion "1"]
[SourceVersionDate "2019.02.26"]
[SourceQuality "1"]

1. Nf3 Nf6 2. c4 e6 3. g3 d5 4. Bg2 Be7 5. 0-0 0-0 6. d4 dxc4 7. Qc2 a6 8. a4 Bd7 9. Qxc4 Bc6 10. Bf4 Bd6 11. Bg5 Nbd7 12. Nc3 h6 13. Bxf6 Nxf6 14. Nd2 Bxg2 15. Kxg2 c5 16. dxc5 Bxc5 17. Qxc5 Qxd2 18. Qb4 Qd7 19. Rfd1 Qc6+ 20. f3 Rac8 21. Rd6 Qc5 22. Qxc5 Rxc5 23. Rad1 Re8 24. e4 Kf8 25. R1d4 Rc6 26. e5 Nd5 27. Nxd5 Rc2+ 28. Kh3 exd5 29. Rb4 Rxe5 30. Rxb7 g6 31. f4 Rf5 32. Rxa6 Rf2 33. a5 Rh5+ 0-1

[Event "Johor op 5th"]
[Site "Johor"]
[Date "2018.12.13"]
[Round "6"]
[White "Czebe, Attila"]
[Black "Chen, Kailin"]
[Result "1-0"]
[WhiteElo "2417"]
[BlackElo "2016"]
[PlyCount "79"]
[EventDate "2018.12.10"]
[EventType "swiss"]
[EventRounds "9"]
[EventCountry "MAS"]
[SourceTitle "CBM 187 Extra"]
[Source "ChessBase"]
[SourceDate "2018.11.04"]
[SourceVersion "1"]
[SourceVersionDate "2018.11.04"]
[SourceQuality "1"]

1. Nf3 Nf6 2. g3 e6 3. Bg2 d5 4. 0-0 Be7 5. d3 0-0 6. Nbd2 c5 7. e4 Nc6 8. Re1 Qc7 9. Qe2 b6 10. e5 Nd7 11. Nf1 Bb7 12. h4 Rae8 13. Bf4 Qc8 14. c3 h6 15. N1h2 f5 16. exf6 Bxf6 17. Bd6 Rf7 18. Ng4 e5 19. Bh3 Qd8 20. d4 cxd4 21. Nxd4 Nxd4 22. cxd4 e4 23. Rad1 Nb8 24. Be5 Bxe5 25. Nxe5 Rf6 26. Rd2 Nc6 27. Ng4 Rff8 28. Rc1 Nb4 29. Ne5 Ba6 30. Qh5 Nd3 31. Rc6 Nxe5 32. dxe5 Qe7 33. Be6+ Kh7 34. Bf5+ Kg8 35. Qg6 Qxe5 36. Qh7+ Kf7 37. Rdc2 Bc4 38. Kh2 Qd4 39. Rc7+ Re7 40. Qg6+ 1-0

[Event "Johor op 5th"]
[Site "Johor"]
[Date "2018.12.12"]
[Round "5"]
[White "Chen, Kailin"]
[Black "Elisabeth, Christine"]
[Result "1-0"]
[WhiteElo "2016"]
[BlackElo "1798"]
[PlyCount "79"]
[EventDate "2018.12.10"]
[EventType "swiss"]
[EventRounds "9"]
[EventCountry "MAS"]
[SourceTitle "CBM 187 Extra"]
[Source "ChessBase"]
[SourceDate "2018.11.04"]
[SourceVersion "1"]
[SourceVersionDate "2018.11.04"]
[SourceQuality "1"]

1. e4 e5 2. Nf3 Nc6 3. Bb5 a6 4. Ba4 Nf6 5. 0-0 b5 6. Bb3 Bc5 7. a4 Rb8 8. c3 d6 9. d4 Bb6 10. Na3 0-0 11. axb5 axb5 12. Nxb5 Bg4 13. Bc2 Bxf3 14. gxf3 Nh5 15. Kh1 Qf6 16. Be3 Nf4 17. Rg1 Ne7 18. c4 Neg6 19. c5 Bxc5 20. dxc5 Rxb5 21. cxd6 cxd6 22. b3 d5 23. exd5 Rxd5 24. Qf1 Qe7 25. Qc4 Rfd8 26. Be4 R5d7 27. b4 Nh3 28. Rgc1 Ngf4 29. Bf5 Nxf2+ 30. Bxf2 Qg5 31. Bg4 h5 32. Bh4 Qxh4 33. Bxd7 Rxd7 34. Ra8+ Kh7 35. Qe4+ g6 36. Qxe5 f6 37. Qe8 Kh6 38. Qxd7 Qf2 39. Rh8+ Kg5 40. Rg1+ 1-0

[Event "Johor op 5th"]
[Site "Johor"]
[Date "2018.12.11"]
[Round "2"]
[White "Li, Bo"]
[Black "Chen, Kailin"]
[Result "1-0"]
[WhiteElo "2312"]
[BlackElo "2016"]
[PlyCount "52"]
[EventDate "2018.12.10"]
[EventType "swiss"]
[EventRounds "9"]
[EventCountry "MAS"]
[SourceTitle "CBM 187 Extra"]
[Source "ChessBase"]
[SourceDate "2018.11.04"]
[SourceVersion "1"]
[SourceVersionDate "2018.11.04"]
[SourceQuality "1"]

1. d4 Nf6 2. c4 e6 3. Nc3 d5 4. Bg5 Be7 5. e3 0-0 6. cxd5 exd5 7. Bd3 b6 8. Bxf6 Bxf6 9. Qh5 g6 10. Qxd5 Qxd5 11. Nxd5 Bd8 12. Nxc7 Bb7 13. Nxa8 Bxg2 14. f3 Bxh1 15. Ke2 g5 16. Nh3 g4 17. Rxh1 gxh3 18. Rg1+ Kh8 19. Rg3 f5 20. Rxh3 Nc6 21. Rh5 Ne7 22. e4 Nc6 23. d5 Nd4+ 24. Ke3 Bf6 25. Nc7 Be5 26. Ne6 Nxe6 1-0